Высокотемпературный тепломассоперенос в слое кокса теплозащитных материалов; Теплофизика высоких температур; Т. 38, № 4
| Parent link: | Теплофизика высоких температур: научный журнал/ Российская академия наук (РАН).— , 1963- Т. 38, № 4.— 2000.— [С. 654-660] |
|---|---|
| Hovedforfatter: | |
| Andre forfattere: | |
| Summary: | Заглавие с экрана На основании модели, учитывающей структурную неоднородность кокса типичного "обугливающегося" теплозащитного материала (ТЗМ), исследован процесс высокотемпературного тепломассопереноса в слое кокса ТЗМ. Определены масштабы температурной неравновесности между конденсированными и газообразными продуктами термического разложения ТЗМ в условиях высоких (более 1000 K) температур внешней среды. Показано, что при решении многих задач тепловой защиты целесообразным является использование моделей, учитывающих температурную неравновесность газовой и конденсированной фаз кокса ТЗМ. |
| Sprog: | russisk |
| Udgivet: |
2000
|
| Fag: | |
| Online adgang: | http://www.mathnet.ru/php/archive.phtml?wshow=paper&jrnid=tvt&paperid=2151&option_lang=rus |
| Format: | MixedMaterials Electronisk Book Chapter |
| KOHA link: | https://koha.lib.tpu.ru/cgi-bin/koha/opac-detail.pl?biblionumber=640830 |
MARC
| LEADER | 00000naa0a2200000 4500 | ||
|---|---|---|---|
| 001 | 640830 | ||
| 005 | 20250311094233.0 | ||
| 035 | |a (RuTPU)RU\TPU\network\5489 | ||
| 035 | |a RU\TPU\network\5450 | ||
| 090 | |a 640830 | ||
| 100 | |a 20150427d2000 k||y0rusy50 ca | ||
| 101 | 0 | |a rus | |
| 102 | |a RU | ||
| 135 | |a drcn ---uucaa | ||
| 181 | 0 | |a i | |
| 182 | 0 | |a b | |
| 200 | 1 | |a Высокотемпературный тепломассоперенос в слое кокса теплозащитных материалов |f Г. В. Кузнецов, В. П. Рудзинский | |
| 203 | |a Текст |c электронный | ||
| 300 | |a Заглавие с экрана | ||
| 320 | |a [Библиогр.: с. 660 (14 назв.)] | ||
| 330 | |a На основании модели, учитывающей структурную неоднородность кокса типичного "обугливающегося" теплозащитного материала (ТЗМ), исследован процесс высокотемпературного тепломассопереноса в слое кокса ТЗМ. Определены масштабы температурной неравновесности между конденсированными и газообразными продуктами термического разложения ТЗМ в условиях высоких (более 1000 K) температур внешней среды. Показано, что при решении многих задач тепловой защиты целесообразным является использование моделей, учитывающих температурную неравновесность газовой и конденсированной фаз кокса ТЗМ. | ||
| 461 | |t Теплофизика высоких температур |o научный журнал |f Российская академия наук (РАН) |d 1963- | ||
| 463 | |t Т. 38, № 4 |v [С. 654-660] |d 2000 | ||
| 610 | 1 | |a электронный ресурс | |
| 610 | 1 | |a труды учёных ТПУ | |
| 610 | 1 | |a высокотемпературный тепломассоперенос | |
| 610 | 1 | |a теплозащитные материалы | |
| 610 | 1 | |a кокс | |
| 610 | 1 | |a внешняя среда | |
| 610 | 1 | |a модели | |
| 610 | 1 | |a газовые фазы | |
| 610 | 1 | |a конденсированные фазы | |
| 610 | 1 | |a экспериментальное исследование | |
| 700 | 1 | |a Кузнецов |b Г. В. |c специалист в области теплоэнергетики |c профессор Томского политехнического университета, доктор физико-математических наук |f 1949- |g Гений Владимирович |3 (RuTPU)RU\TPU\pers\25528 |9 11458 | |
| 701 | 1 | |a Рудзинский |b В. П. | |
| 801 | 2 | |a RU |b 63413507 |c 20150427 |g RCR | |
| 856 | 4 | |u http://www.mathnet.ru/php/archive.phtml?wshow=paper&jrnid=tvt&paperid=2151&option_lang=rus | |
| 942 | |c CF | ||